Normal view MARC view
  • Tapia Balladares, Javier

Entry Nombre Personal

Number of records used in: 1

001 - NUMERO DE CONTROL

  • campo de control: 60112

003 - IDENTIFICADOR DE NUMERO DE CONTROL

  • campo de control: UPN

005 - FECHA Y HORA DE LA ÜLTIMA TRANSACCIÓN

  • campo de control: 20260625093406.0

008 - DATOS DE LONGITUD FIJA

  • campo de control de longitud fija: 260625|| acz||aabn | a|a d

024 ## - OTROS IDENTIFICADORES NORMALIZADOS

  • Fuente: orcid
  • Número normalizado o código: https://orcid.org/0000-0002-6499-4898

040 ## - FUENTE DE CATALOGACIÓN

  • Agencia original de catalogación: MX-MxUPN

100 1# - ENCABEZAMIENTO - NOMBRE PERSONAL

  • Nombre personal: Tapia Balladares, Javier

370 ## - LUGAR ASOCIADO

  • Place of birth: San José, Costa Rica

371 ## - DIRECCIÓN

  • Electronic mail address: javier.tapiaballadares@ucr.ac.cr

372 ## - CAMPO DE ACTIVIDAD

  • Field of activity: Psicología
  • Field of activity: Docencia

373 ## - GRUPO ASOCIADO

  • Associated group: Universidad de Costa Rica, Instituto de Investigaciones Psicológicas

374 ## - OCUPACIÓN

  • Occupation: Psicólogo
  • Occupation: Profesor universitario

670 ## - FUENTE EN LA QUE SE LOCALIZARON DATOS

  • Cita de la fuente: En recurso en línea: Actualidades en psicología, Vol. 40, no. 140 (2026):
  • Información localizada: página 78 (Javier Tapia Balladares)
  • Uniform Resource Identifier: https://revistas.ucr.ac.cr/index.php/ap/article/view/7081/9667

902 ## - CATALOGADOR

  • Catalogador: RGJD/250626